Movie Word Chain Game Quiz Stats

 Plays Quiz Updated Jun 21, 2012

Challenge
Share
Tweet
Embed
Score 0/30 Timer 08:00
0 Plays Today
Chain Movie % Correct
Chain 5: From Pride Rock to Pan-AmThe Lion King
85.5%
Chain 2: From Sin to SomaliaMen in Black
82.3%
Chain 5: From Pride Rock to Pan-AmThe King and I
77.6%
Chain 5: From Pride Rock to Pan-AmCatch Me If You Can
76.6%
Chain 6: From Saferooms to StreetracesKIll Bill Volume 2
72.8%
Chain 2: From Sin to SomaliaBlack Hawk Down
69.5%
Chain 5: From Pride Rock to Pan-AmI Know What You Did Last Summer
68.7%
Chain 6: From Saferooms to StreetracesPanic Room
67.9%
Chain 1: From Bacon to BondKnight and Day
67.7%
Chain 1: From Bacon to BondThe Day After Tomorrow
67.6%
Chain 4: From Bleedin' Loverly to BallerinasWaterworld
63.1%
Chain 6: From Saferooms to Streetraces2 Fast 2 Furious
62.9%
Chain 1: From Bacon to BondTomorrow Never Dies
61.6%
Chain 5: From Pride Rock to Pan-AmSummer Catch
57.9%
Chain 2: From Sin to SomaliaChildren of Men
54.9%
Chain Movie % Correct
Chain 4: From Bleedin' Loverly to BallerinasMy Fair Lady
50.4%
Chain 4: From Bleedin' Loverly to BallerinasLady in the Water
48%
Chain 3: From Consumerism to the CIADawn of the Dead
48%
Chain 2: From Sin to SomaliaSin City
47.9%
Chain 6: From Saferooms to StreetracesA View to a Kill
46.3%
Chain 6: From Saferooms to StreetracesA Room with a View
42.2%
Chain 4: From Bleedin' Loverly to BallerinasWorld Trade Center
41.1%
Chain 1: From Bacon to BondFirst Knight
38.5%
Chain 4: From Bleedin' Loverly to BallerinasCenter Stage
28.9%
Chain 3: From Consumerism to the CIADead Man
23.8%
Chain 3: From Consumerism to the CIAMuch Ado About Nothing
23%
Chain 1: From Bacon to BondMurder in the First
17.5%
Chain 3: From Consumerism to the CIAThe Man Who Knew Too Much
17.4%
Chain 2: From Sin to SomaliaCity of Lost Children
11.6%
Chain 3: From Consumerism to the CIANothing But the Truth
4.7%

You're not logged in!

Compare scores with friends on all Sporcle quizzes.
Join for Free
OR
Log In

You Might Also Like...

Show Comments

Extras

Top Quizzes Today


Score Distribution

Your Account Isn't Verified!

In order to create a playlist on Sporcle, you need to verify the email address you used during registration. Go to your Sporcle Settings to finish the process.

Report this User

Report this user for behavior that violates our Community Guidelines.

Details: